| 000 | 00396nam a2200133Ia 4500 | ||
|---|---|---|---|
| 008 | 150610s9999 xx 000 0 und d | ||
| 020 | _a185326055X | ||
| 050 |
_aPR 2821 _b.A1 1993 |
||
| 245 |
_aRichard II / _cWilliam Shakespeare. |
||
| 260 |
_aHertfordshire : _bWordsworth Editions, _c1993. |
||
| 300 |
_a161pages ; _c18 cm. |
||
| 440 | _aWordsworth classics | ||
| 504 | _aIncludes glossary. | ||
| 999 |
_c287969 _d287969 |
||